| 000 -ლიდერი |
| ფიქსირებული სიგრძის საკონტროლო ველი |
01119nam a2200217Ia 4500 |
| 001 - საკონტროლო ნომერი |
| საკონტროლო ველი |
4354 |
| 003 - საკონტროლო ნომრის იდენტიფიკატორი |
| საკონტროლო ველი |
GE_BSU |
| 005 - ბოლო ოპერაციის თარიღი და დრო |
| საკონტროლო ველი |
20191010122737.0 |
| 008 - ფიქსირებული სიგრძის მონაცემთა ელემენტები - ზოგადი ინფორმაცია |
| ფიქსირებული სიგრძის საკონტროლო ველი |
181216s1962||||ge |||||||||||||| ||geo|| |
| 040 ## - კატალოგიზაციის წყარო |
| Transcribing agency |
GE_BSU |
| 041 ## - ენის კოდი |
| Language code of text/sound track or separate title |
geo |
| 080 ## - უნივერსალური ათობითი კლასიფიკაციის ინდექსი |
| Universal Decimal Classification number |
34 "653' დ–48 |
| 245 ## - ცნობა სათაურის შესახებ |
| Title |
შუა საუკუნეების სამართალი : |
| Remainder of title |
ტ. 2. განვითარებული ფეოდალიზმის ხანა (XI-XIV) / |
| Statement of responsibility, etc |
შეადგ. და კომენტარები დაურთო ი. დოლიძემ; რედ. გ. ჟორდანია. |
| 264 ## - წარმოების, გამოცემის, დისტრიბუციის და სხვა ცნობები |
| გამოცემის, წარმოების, დისტრიბუციის... ადგილი |
თბ.: |
| გამოცემის, წარმოების, დისტრიბუციის... სახელწოდება |
საქ. სსრ მეცნ. აკად. გამ-ბა, |
| გამოცემის, წარმოების, დისტრიბუციის... თარიღი |
1962. |
| 300 ## - ფიზიკური აღწერა |
| Extent |
644 გვ. ; |
| Other physical details |
22 სმ. |
| 653 ## - INDEX TERM--UNCONTROLLED |
| Uncontrolled term |
შუა საუკუნეების სამართალი. |
| 653 ## - INDEX TERM--UNCONTROLLED |
| Uncontrolled term |
განვითარებული ფეოდალიზმის ხანა |
| 700 ## - ADDED ENTRY--PERSONAL NAME |
| Personal name |
დოლიძემ, ი. |
| Relator term |
შემდგენელი |
| 9 (RLIN) |
4667 |
| 700 ## - ADDED ENTRY--PERSONAL NAME |
| Personal name |
ჟორდანია, გ. |
| Relator term |
რედაქტორი |
| 9 (RLIN) |
4668 |
| 942 ## - ADDED ENTRY ELEMENTS (KOHA) |
| Koha item type |
წიგნი |
| Source of classification or shelving scheme |
|